000 00539nam a2200229Ia 4500
003 OSt
005 20220918200231.0
006 a|||||r|||| 00| 0
007 ta
008 220917b |||||||| |||| 00| 0 eng d
024 _a87,895
037 _cTextual
040 _aARTS
_cARTS
_beng
041 _2eng
_aeng
082 _aU:3:N3, J2
100 _aDedmangeon A
_993144
245 0 _aBritish isles
260 _c1952
650 _aGEOGRAPHY
942 _hU:3:N3, J2
_cTEXL
_2CC
999 _c211585
_d211585